Bệnh dạ dày và đường ruột
Đã lưu trong:
| Príomhúdar: | |
|---|---|
| Formáid: | Leabhar |
| Teanga: | Undetermined |
| Foilsithe: |
Văn hóa thông tin
2002
|
| Clibeanna: |
Cuir Clib Leis
Gan Chlibeanna, Bí ar an gcéad duine leis an taifead seo a chlibeáil!
|
| Thư viện lưu trữ: | Trung tâm Học liệu Trường Đại học Cần Thơ |
|---|
| LEADER | 00455nam a2200145Ia 4500 | ||
|---|---|---|---|
| 001 | CTU_48635 | ||
| 008 | 210402s9999 xx 000 0 und d | ||
| 082 | |a 616.33 | ||
| 082 | |b V115 | ||
| 100 | |a NGUYỄN QUANG THÁI | ||
| 245 | 0 | |a Bệnh dạ dày và đường ruột | |
| 245 | 0 | |c NGUYỄN QUANG THÁI, Vương Tụy Văn | |
| 260 | |b Văn hóa thông tin | ||
| 260 | |c 2002 | ||
| 980 | |a Trung tâm Học liệu Trường Đại học Cần Thơ | ||